1310 1395 1916 1023 1499 1804 1705 1659 1963 1503 1537 1825 1259 1639 1941 1483 1410 1424 1864 1800 1414 1324 1251 1815 1237 1731 1717 1563 1640 1768 1909 1833 1129 1646 1704 1356 1048 1237 1663 1514 1370 1674 1799 1061 1439 1020 1080 1667 1109 1202 1758 1932 1240 1105 1220 1804 1863 1677 1715 1101 1568 1501 1974 1858 1480 1896 1619 1042 1997 1763 1767 1807 1043 1291 1223 1911 1514 1439 1579 1570 1356 1296 1294 1835 1487 1507 1163 1884 1798 1965 1568 1812 1287 1570 1547 1925 1606 1879 1560 BCNSPRNW ULIB Ver.6.0+V

เปลี่ยนเป็นภาษาไทย

Change to English
 แสดงรายละเอียดบรรณานุกรม
  กลับหน้าหลัก

Brief Record : Get Marc (ISO 2709) : E-mail record : QR code < ปิดหน้าต่าง
LEADER : 00000nam 2200000uu 4500
001    13399113324
003     ULIB
008    111102s2554||||th 000 0 tha d
020    9746434578 (ล.1)
060 04 WY160^bม246ก ล.1 2554
110 2  มหาวิทยาลัยสุโขทัยธรรมาธิราช. ^bสาขาวิชาพยาบาลศาสตร์
245 10 การส่งเสริมสุขภาพจิตและการพยาบาลจิตเวช หน่วยที่ 1-7=^bMental healthpromotion and psychiatric nursing /^cสาขาวิชาพยาบาลศาสตร์ มหาวิทยาลัยสุโขทัยธรรมาธิราช
250    พิมพ์ครั้งที่ 11
260    นนทบุรี :^bสำนักพิมพ์มหาวิทยาลัยสุโขทัยธรรมาธิราช,^c2554
300    423 หน้า. ;^c30 ซม.
500    "เอกสารการสอนชุดวิชา 51102 หน่วยที่ 1-7" --หน้าปกใน
650  7 การพยาบาลจิตเวชศาสตร์
650  7 การส่งเสริมสุขภาพจิต
945    ^p0^l0^i030663
945    ^p0^l0^i030664
945    ^p0^l0^i030665
945    ^p0^l0^i030666
945    ^p0^l0^i030667
945    ^p0^l0^i030668
995    ทศพร
999 ^a ทศพร
รายการนี้ยังไม่มีแท็ก
คุณยังไม่ได้ล็อกอิน คุณสามารถมีกิจกรรมร่วมกับเว็บไซต์ได้ แต่ต้องล็อกอินก่อน ::
  ล็อกอิน

รายการสื่อสารสนเทศ

ลำดับที่ ประเภท เลขเรียก/บาร์โค้ด สถานที่ สถานะ
1. วิทยาศาสตร์การแพทย์ และสุขภาพ
หนังสือสำรอง
สถานะ=หนังสือสำรอง
WY160 ม246ก ล.1 2554 ฉ.1 
  Barcode: 030663
ห้องสมุดวิทยาเขตสวรรค์ประชารักษ์
►ส่วนจัดเก็บหนังสือเก่า สปร
บนชั้น
  ขอยืม
2. วิทยาศาสตร์การแพทย์ และสุขภาพ
วิทยาศาสตร์การแพทย์ และสุขภาพ
WY160 ม246ก ล.1 2554 ฉ.2 
  Barcode: 030664
ห้องสมุดวิทยาเขตสวรรค์ประชารักษ์
►ส่วนจัดเก็บหนังสือเก่า สปร
บนชั้น
  ขอยืม
3. วิทยาศาสตร์การแพทย์ และสุขภาพ
วิทยาศาสตร์การแพทย์ และสุขภาพ
WY160 ม246ก ล.1 2554 ฉ.3 
  Barcode: 030665
ห้องสมุดวิทยาเขตสวรรค์ประชารักษ์
►ส่วนจัดเก็บหนังสือเก่า สปร
บนชั้น
  ขอยืม
4. วิทยาศาสตร์การแพทย์ และสุขภาพ
วิทยาศาสตร์การแพทย์ และสุขภาพ
WY160 ม246ก ล.1 2554 ฉ.4 
  Barcode: 030666
ห้องสมุดวิทยาเขตสวรรค์ประชารักษ์
►ส่วนจัดเก็บหนังสือเก่า สปร
บนชั้น
  ขอยืม
5. วิทยาศาสตร์การแพทย์ และสุขภาพ
วิทยาศาสตร์การแพทย์ และสุขภาพ
WY160 ม246ก ล.1 2554 ฉ.5 
  Barcode: 030667
ห้องสมุดวิทยาเขตสวรรค์ประชารักษ์
►ส่วนจัดเก็บหนังสือเก่า สปร
บนชั้น
  ขอยืม

รายการใกล้เคียง
    หัวเรื่อง [การพยาบาลจิตเวชศาสตร์]
    หัวเรื่อง [การส่งเสริมสุขภาพจิต]

BibComment


ยังไม่เคยถูกคอมเมนท์

คอมเมนท์ทรัพยากรรายการนี้
  คอมเมนท์: การส่งเสริมสุขภาพ..


 Copyright 2026. Bcnsprnw @Library